Fotograf prchavých okamihov Karol Kállay: V politike by som stratil to, čo ...

Bibliographic Details
Main Authors: Krajčovič, Ivan, 1960- (ain), Kállay, Karol, 1926-2012 (Author, uin)
Format: Article
Language:Slovak
PhysicalDescription:Fotogr.
Subjects:

MARC

LEADER 00000nab a2200000 a 4500
001 vtls000762728
003 SK-MaSNL
005 20260303171458.0
008 040806c2001 xo 0 slo
015 |a SNBRB2001/07-21068 
035 |a CLN000114515 
040 |a SNKBUCL  |b slo  |c SNKBUCL  |e AACR2 
041 0 |a slo 
044 |a xo  |c SK 
080 |a 77.04-051  |2 UDC-MRF-SK2 
080 |a 929 Kállay, Karol  |2 UDC-MRF-SK2 
100 1 |a Krajčovič, Ivan,  |d 1960-  |4 ain  |9 172459 
245 1 0 |a Fotograf prchavých okamihov  |b Karol Kállay: V politike by som stratil to, čo ...  |c [zhováral sa] Ivan Krajčovič 
300 |b Fotogr. 
600 1 7 |a Kállay, Karol,  |d 1926-2012  |2 snkbucl  |9 93736 
650 0 7 |a umelecká fotografia  |2 snkbucl  |9 29370 
655 7 |a rozhovory  |2 snkbucl  |9 31831 
655 7 |a články z novín a časopisov  |2 snkbucl  |9 267496 
700 1 |a Kállay, Karol,  |d 1926-2012  |4 aut  |4 uin  |9 93736 
773 0 |t Národná obroda  |g Roč. 12, č. 150 (30.6.2001) 
773 0 |t [Príl.] Víkend  |g S. II 
850 |a Slovenská národná knižnica v Martine 
852 |a SNK  |b KIS3GCP 
999 |c 2081691  |d 2083621